Muž z Brna /
"Policejní komedie", v níž hraje hlavní roli svéráz moravské metropole.
Uloženo v:
| Série: | Muž z Brna,
část 1 |
|---|---|
| Hlavní autor: | |
| Médium: | E-kniha |
| Jazyk: | Czech |
| Vydáno: |
V Praze :
Motto,
2025
|
| Vydání: | 1. vydání |
| Témata: | |
| Příbuzné jednotky: | Z cyklu::
Muž z Brna |
| Tagy: |
Žádné tagy |
| LEADER | 02301nam a2200409 i 4500 | ||
|---|---|---|---|
| 001 | 312682 | ||
| 003 | CZ PrSKC | ||
| 005 | 20260601215726.0 | ||
| 007 | ta | ||
| 008 | 250327s2025 xr g 000 f cze | ||
| 015 | |a cnb003678636 | ||
| 020 | |a 9788026728139 |q (vázáno) : |c Kč 399,00 | ||
| 035 | |a (OCoLC)1519101728 | ||
| 040 | |a ABG001 |b cze |d ABA001 |e rda | ||
| 072 | 7 | |a 821.162.3-3 |x Česká próza |2 Konspekt | |
| 080 | |a 821.162.3-31 |2 MRF | ||
| 080 | |a (0:82-311.5) |2 MRF | ||
| 100 | 1 | |a Klabouchová, Petra, |d 1980- |7 ola2006345384 |4 aut | |
| 245 | 1 | 0 | |a Muž z Brna / |c Petra Klabouchová |
| 250 | |a 1. vydání | ||
| 264 | 1 | |a V Praze : |b Motto, |c 2025 | |
| 300 | |a 292 stran ; |c 21 cm | ||
| 336 | |a text |b txt |2 rdacontent | ||
| 337 | |a bez média |b n |2 rdamedia | ||
| 338 | |a svazek |b nc |2 rdacarrier | ||
| 520 | 2 | |a "Policejní komedie", v níž hraje hlavní roli svéráz moravské metropole. |b Kdo by tuhle vraždu mohl vyšetřit líp než on? Popravdě? Kdokoliv! Jejich revírem je štatl, jejich tempo je rozvážné, jejich protivníky jsou všichni, kdo narušují provoz policejní služebny v Brně-Komárově. Vše změní nedobrovolná posila z Prahy. Josef Ječmínek doplní tým majora Vítámváse zahrnující bývalého fotbalistu strážmistra Píče, Loba s lehkou mozkovou dysfunkcí, Brendu Kakáčovou s nečitelným výrazem a Páju z Cejlu čili Palerma Rolexe Lakatoše. Může Pražák v Brně konečně nastolit spravedlnost? Tohle město vyžaduje hodně odvahy. A taky trpělivosti. Nakladatelská anotace. | |
| 655 | 7 | |a české romány |7 fd133974 |2 czenas | |
| 655 | 7 | |a humoristické romány |7 fd132431 |2 czenas | |
| 655 | 9 | |a Czech fiction |2 eczenas | |
| 655 | 9 | |a humorous novels |2 eczenas | |
| 787 | 0 | 8 | |i Z cyklu: |t Muž z Brna |g 1 |
| 900 | |a ABA001 |b 19 | ||
| 928 | 9 | |a Albatros Media - Motto | |
| 044 | |a xr | ||
| 910 | |a RBIT002 | ||
| 998 | |d 418064 |a https://core.palmknihy.cz/api/books/418064/cover?styawg |b https://core.palmknihy.cz/api/books/418064/cover/400?styawg |c https://core.palmknihy.cz/api/books/418064/cover/50?styawg |e 2034-12-31 |g 296 |i 9788026728139 |j https://core.palmknihy.cz/api/books/418064/preview.epub |k https://core.palmknihy.cz/api/books/418064/preview.pdf |l |q 49 |r 1 |s https://www.palmknihy.cz/kniha/418064 |t ebook |y 2025 |z 0 |v Muž z Brna |w 1 | ||
| 999 | |d 312680 | ||